00477 a2200133 4500020001500000082001700015100002300032245006000055260005600115300002700171650003300198999001500231952009700246 a812390147X a624.1834 KRI aKarishnamurthy. D. aStructural Design and Drawing [vol 2]cD. Krishnamurthy aNew Delhi :bCBS Publishers and Distributors,c2008 a351p. :bill. ;c21 cm aStructural Design -- Drawing c1355d1355 00104070aNITbNITcCEd0000-00-00l0o624.1834 KRIpNIT-6450 r2017-01-05w2017-01-05yBK